Logo BPK

Biblioteka

Politechniki Koszalińskiej

Wycena krajobrazu : (Rekord nr 39871)

Szczegóły MARC
000 -ETYKIETA REKORDU
podpole kontrolne o stałej długości 00789nam a2200241 i 4500
001 - NUMER KONTROLNY REKORDU
pole kontrolne bg
020 ## - MIĘDZYNARODOWY ZNORMALIZOWANY NUMER KSIĄŻKI - ISBN
ISBN 8391273350
040 ## - ŹRÓDŁO KATALOGOWANIA
Instytucja, która utworzyła rekord BPK
041 0# - KOD JĘZYKA
Kod języka tekstu pl
080 ## - UNIWERSALNA KLASYFIKACJA DZIESIĘTNA - UKD
UKD 502.6:332.74](438)
920 ## - Międzynarodowy znormalizowany numer książki – ISBN
ISBN 83-912733-5-0
008 - POLE O STAŁEJ DŁUGOŚCI - DANE KONTROLNE
podpole kontrolne o stałej długości s pl f |000 0 pol
100 1# - NAZWA OSOBOWA
Nazwa osobowa BAJEROWSKI, Tomasz
245 10 - TYTUŁ/ODPOWIEDZIALNOŚĆ
Tytuł Wycena krajobrazu :
Ciąg dalszy tytułu rynkowe aspekty oceny i waloryzacji krajobrazu /
Pozostałe elementy strefy tytułu i oznaczenia odpowiedzialności [pod red. nauk. Tomasza Bajerowskiego ; aut. Tomasz Bajerowski, Adam Senetra, Agnieszka Szczepańska].
260 ## - STREFA ADRESU WYDAWNICZEGO
Miejsce wydania Olsztyn :
Nazwa wydawcy/dystrybutora "Educaterra",
Data publikacji, dystrybucji/powstania dokumentu 2000.
300 ## - STREFA OPISU FIZYCZNEGO
Objętość 81 s. :
Inne cechy fizyczne wykr. ;
Rozmiary 24 cm.
504 ## - UWAGA DOTYCZĄCA BIBLIOGRAFII
Informacje o bibliografii Bibliogr. s.79-81.
650 #9 - HASŁO PRZEDMIOTOWE W FORMIE NAZWY OGÓLNEJ LUB JEDNOSTKOWEJ
Nazwa ogólna lub geograficzna Krajobraz
Określnik ogólny wycena
Określnik geograficzny Polska
650 #9 - HASŁO PRZEDMIOTOWE W FORMIE NAZWY OGÓLNEJ LUB JEDNOSTKOWEJ
Nazwa ogólna lub geograficzna Nieruchomości
Określnik ogólny wycena
-- metody
Określnik geograficzny Polska
700 1# - HASŁO DODATKOWE - NAZWA OSOBOWA
Nazwa osobowa SENETRA, Adam
700 1# - HASŁO DODATKOWE - NAZWA OSOBOWA
Nazwa osobowa SZCZEPAŃSKA, Agnieszka
856 ## - LOKALIZACJA I DOSTĘP DO ELEKTRONICZNYCH DOKUMENTÓW ZDALNYCH
Link (URL) http://koha.tu.koszalin.pl/cgi-bin/koha/opac-detail.pl?biblionumber=39871
Tekst linku Katalog online BPK
942 ## - DODATKOWE ELEMENTY (KOHA)
Typ dokumentu Książka
Egzemplarze
Wycofany Status egzemplarza Uszkodzony Dostępność Lokalizacja stała Lokalizacja bieżąca Miejsce przechowywania Sygnatura Kod kreskowy Ostatnio wypożyczono Typ dokumentu
      Dostępny Biblioteka Politechniki Koszalińskiej Biblioteka Politechniki Koszalińskiej Wypożyczalnia BG 59706 01585384 26.02.2018 Książka
© 2023 Biblioteka Politechniki Koszalińskiej :: KOHA